000 00269pam a2200121 a 4500
020 _c
041 _aeng
100 _aMArriott.J.W.
245 _aGret Modern British Plays
_hTextual Documents
260 _a[s.l]:
_bGeorge .G.Hanap.
300 _a1082p.
930 _a15377
999 _c92277
_d92277